| 000 | 00530nam a2200181Ia 4500 | ||
|---|---|---|---|
| 005 | 20250508163725.0 | ||
| 008 | 008 250505s9999 xx 000 0 eng d | ||
| 037 | _aTextual | ||
| 040 |
_aFEDL _beng _cFEDL |
||
| 041 |
_aeng _2eng |
||
| 084 |
_a401.93, AGN _qFEDL |
||
| 100 | _aAgnihotri R K | ||
| 245 | 0 | _aSocial psychological perspectives on second language learnining | |
| 260 |
_aNew Delhi, India _bSage Publications _c1998 |
||
| 300 | _a238p. | ||
| 942 |
_cTEXL _h401.93, AGN |
||
| 999 |
_c1384903 _d1384903 |
||